000
00283nam a22001217a 4500
008
230629b xxu||||| |||| 00| 0 eng d
082
_a
333.7
_b
NEMA
100
_c
NEMA
245
_a
State of Environment Report 2003, Kenya
260
_b
NEMA
_c
2003
300
_a
176p
942
_2
ddc
_c
BK
999
_c
2973
_d
2973